Urbanismo / (Registro nro. 6151)
[ vista simple ]
| 000 -LEADER | |
|---|---|
| fixed length control field | 01013nam a2200217Ia 4500 |
| 003 - CONTROL NUMBER IDENTIFIER | |
| control field | OSt |
| 005 - DATE AND TIME OF LATEST TRANSACTION | |
| control field | 20210210162348.0 |
| 008 - FIXED-LENGTH DATA ELEMENTS--GENERAL INFORMATION | |
| fixed length control field | 191128s1960 sp aob gr 000 0 spa d |
| 040 ## - CATALOGING SOURCE | |
| Original cataloging agency | CO-JMCR |
| Transcribing agency | CO-JMCR |
| 041 0# - LANGUAGE CODE | |
| Language code of text/sound track or separate title | spa |
| 082 04 - DEWEY DECIMAL CLASSIFICATION NUMBER | |
| Classification number | 711 / |
| Item number | P348u |
| Edition number | 23 |
| 100 1# - MAIN ENTRY--PERSONAL NAME | |
| Personal name | Paz Maroto, D. Jose, |
| Relator term | autor |
| 9 (RLIN) | 13258 |
| 245 10 - TITLE STATEMENT | |
| Title | Urbanismo / |
| Statement of responsibility, etc. | D. Jose Paz Maroto y D. Jose Ma. Paz Casañé |
| 260 ## - PUBLICATION, DISTRIBUTION, ETC. | |
| Place of publication, distribution, etc. | Madrid : |
| Name of publisher, distributor, etc. | Escuela técnica superior de Ingenieros de caminos, canales y puertos, |
| Date of publication, distribution, etc. | 1960 |
| 300 ## - PHYSICAL DESCRIPTION | |
| Extent | xiv, 582 páginas : |
| Other physical details | ilustraciones, fotografías y mapas a blanco y negro ; |
| Dimensions | 24 cm. |
| 504 ## - BIBLIOGRAPHY, ETC. NOTE | |
| Bibliography, etc. note | Bibliografía: páginas 577-579 |
| 505 0# - FORMATTED CONTENTS NOTE | |
| Formatted contents note | Urbanismo y técnicas urbanas -- Generalidades de urbanismo -- Evolución histórica del urbanismo -- Crecimiento de ciudades y planes urbanos -- Planes urbanos -- Preparación de proyectos de urbanización -- Planos, estructuras y desarrollos urbanos -- Siste |
| 650 14 - SUBJECT ADDED ENTRY--TOPICAL TERM | |
| Topical term or geographic name entry element | Urbanismo |
| 9 (RLIN) | 13259 |
| 700 1# - ADDED ENTRY--PERSONAL NAME | |
| Personal name | Paz Casañé, D. José Ma., |
| Relator term | autor |
| 9 (RLIN) | 13260 |
| 942 ## - ADDED ENTRY ELEMENTS (KOHA) | |
| Source of classification or shelving scheme | Dewey Decimal Classification |
| Koha item type | Books |
| Withdrawn status | Lost status | Source of classification or shelving scheme | Damaged status | Not for loan | Collection code | Home library | Current library | Date acquired | Source of acquisition | Total Checkouts | Full call number | Barcode | Date last seen | Date last checked out | Copy number | Koha item type | Public note |
|---|---|---|---|---|---|---|---|---|---|---|---|---|---|---|---|---|---|
| Dewey Decimal Classification | Non-fiction | Biblioteca Pública José María del Castillo y Rada | Biblioteca Pública José María del Castillo y Rada | 04/15/2018 | Donación | 1 | 711 / P348u | 430012194 | 05/16/2024 | 06/13/2023 | Ej.1 | Books | Páginas rayadas con lápiz |